[Event "Stay Safe Play From Home 232"]
[Site "Emanuel Lasker Arena"]
[Date "2020.06.17"]
[Round "9"]
[White "Shyamph1980"]
[Black "Don59as"]
[Result "0-1"]
[WhiteElo "1475"]
[BlackElo "2101"]
[Annotator "NA RC"]
[PlyCount "82"]
[EventDate "2020.06.17"]
[EventType "swiss (blitz)"]

1. e4 {[%emt 0:00:01]} e5 {[%emt 0:00:01]} 2. Nf3 {[%emt 0:00:01]} Nc6 {[%emt 0:00:01]} 3. Bc4 {[%emt 0:00:01]} d6 {[%emt 0:00:01]} 4. O-O {[%emt 0:00:00]} Be7 {[%emt 0:00:00]} 5. h3 {[%emt 0:00:01]} Nf6 {[%emt 0:00:01]} 6. Nc3 {[%emt 0:00:00]} O-O {[%emt 0:00:01]} 7. d4 {[%emt 0:00:01]} exd4 {[%emt 0:00:01]} 8. Nxd4 {[%emt 0:00:00]} Bd7 {[%emt 0:00:00]} 9. Be3 {[%emt 0:00:05]} a6 {[%emt 0:00:01]} 10. a4 {[%emt 0:00:02]} Rb8 {[%emt 0:00:01]} 11. f4 {[%emt 0:00:02]} Nxd4 {[%emt 0:00:01]} 12. Bxd4 {[%emt 0:00:01]} b5 {[%emt 0:00:00]} 13. axb5 {[%emt 0:00:01]} axb5 {[%emt 0:00:00]} 14. Be2 {[%emt 0:00:03]} b4 {[%emt 0:00:02]} 15. e5 {[%emt 0:00:01]} bxc3 {[%emt 0:00:04]} 16. exf6 {[%emt 0:00:02]} Bxf6 {[%emt 0:00:02]} 17. Bxf6 {[%emt 0:00:02]} Qxf6 {[%emt 0:00:02]} 18. bxc3 {[%emt 0:00:01]} Qxc3 {[%emt 0:00:01]} 19. Rb1 {[%emt 0:00:02]} Bc6 {[%emt 0:00:03]} 20. Qd3 {[%emt 0:00:04]} Qxd3 {[%emt 0:00:04]} 21. Bxd3 {[%emt 0:00:01]} g6 {[%emt 0:00:02]} 22. g4 {[%emt 0:00:02]} Rfe8 {[%emt 0:00:02]} 23. Rfe1 {[%emt 0:00:01]} Rxb1 {[%emt 0:00:02]} 24. Rxb1 {[%emt 0:00:01]} Re3 {[%emt 0:00:00]} 25. Kh2 {[%emt 0:00:04]} Rf3 {[%emt 0:00:01]} 26. Rf1 {[%emt 0:00:02]} Rxf1 {[%emt 0:00:02]} 27. Bxf1 {[%emt 0:00:02]} f6 {[%emt 0:00:01]} 28. Bd3 {[%emt 0:00:01]} Kf7 {[%emt 0:00:01]} 29. Kg3 {[%emt 0:00:00]} Ke6 {[%emt 0:00:01]} 30. Kf2 {[%emt 0:00:00]} f5 {[%emt 0:00:03]} 31. Ke3 {[%emt 0:00:02]} fxg4 {[%emt 0:00:01]} 32. hxg4 {[%emt 0:00:01]} Kf6 {[%emt 0:00:01]} 33. c4 {[%emt 0:00:01]} h5 {[%emt 0:00:02]} 34. Be2 {[%emt 0:00:03]} hxg4 {[%emt 0:00:02]} 35. Bxg4 {[%emt 0:00:01]} Ba4 {[%emt 0:00:00]} 36. Kd4 {[%emt 0:00:01]} Bc2 {[%emt 0:00:01]} 37. Kd5 {[%emt 0:00:01]} Bf5 {[%emt 0:00:01]} 38. Bxf5 {[%emt 0:00:02]} Kxf5 {[%emt 0:00:01]} 39. Kc6 {[%emt 0:00:01]} Kxf4 {[%emt 0:00:00]} 40. Kxc7 {[%emt 0:00:00]} Ke5 {[%emt 0:00:00]} 41. Kc6 {[%emt 0:00:01]} g5 {[%emt 0:00:00] Time (Lag: Av=0.82s, max=1.4s)} 0-1